| Tag |
First Indicator |
Second Indicator |
Subfields |
| LEADER |
00000ctm a2200000Ka 4500 |
| 001 |
in00001569080 |
| 005 |
20190325093642.0 |
| 008 |
001113s1999 xx a b 000 0 eng d |
| 035 |
|
|
|a (OCoLC)ocm45343859
|
| 037 |
|
|
|a 99-57467
|b UMI
|
| 040 |
|
|
|a TXA
|c TXA
|d UtOrBLW
|
| 049 |
|
|
|a TXAM
|a TXAR
|
| 099 |
|
|
|a 1999
|a Dissertation
|a K565
|
| 100 |
1 |
|
|a Kim, Jongjoo,
|d 1967-
|
| 245 |
1 |
0 |
|a Detection of quantitative trait loci for growth and beef carcass quality traits in a cross of Bos taurus x Bos indicus cattle /
|c by Jongjoo Kim.
|
| 264 |
|
1 |
|a [Place of publication not identified] :
|b [publisher not identified] ;
|c 1999.
|
| 300 |
|
|
|a xiv, 149 leaves :
|b illustrations ;
|c 28 cm.
|
| 336 |
|
|
|a text
|b txt
|2 rdacontent
|
| 337 |
|
|
|a unmediated
|b n
|2 rdamedia
|
| 338 |
|
|
|a volume
|b nc
|2 rdacarrier
|
| 502 |
|
|
|b Ph. D.
|c Texas A&M University
|d 1999.
|
| 504 |
|
|
|a Includes bibliographical references (leaves 103-109).
|
| 500 |
|
|
|a Vita.
|
| 500 |
|
|
|a "Major Subject: Animal Breeding".
|
| 530 |
|
|
|a Issued also on microfiche from University Microfilm Inc.
|
| 520 |
|
|
|a Quantitative trait loci (QTL) affecting growth and beef carcass quality traits were studied in a three generation mapping population with 614 progeny from 26 reciprocal fullsib backcross and two F[] families of 80 Brahman, Angus and F[] parents and grandparents. Four hundred seventeen genetic markers were scored to produce a sex-average map of the 29 autosomes and X chromosome spanning 2657cM. A line-cross model and an across-breed model were used to detect QTLs segregating between Angus and Brahman, within each breed or across both breeds, respectively. Three QTLs with significant, 17 QTLs with suggestive and 13 QTLs with chromosome-wise evidence for linkage were detected on eighteen out of 29 bovine chromosomes. Nine QTLs were detected with at least suggestive evidence under the across-breed model, supporting the existence of allelism across breeds with quite different growth and carcass characteristics. Ten QTLs with a dominant mode of gene action were detected with at least chromosome-wise evidence under the line-cross model. The use of both models provided complementarity in examining the underlying assumptions about allelic effects and frequencies in an sutured line-cross. The halfsib analysis provided insight into frequency skewness of line-specific alleles. Most detected QTLs for birth weight (BWT) were additive in their action, while those for weaning weight (WWT) and hot carcass weight (HCWT) were dominant, suggesting different natures of gene action for the QTLs expressed at different stages of growth. There was no strong evidence of an additive relationship between adjusted back fat (ADF) and kidney, pelvic and heart fat (KPH), suggesting that different genes influence external and internal fatness. Confidence interval (CI) size from selective bootstrapping (Selective II) with 90% confidence limit was as small as and similar to that produced by the one LOD-drop method. However, some CIs derived from Selective II were asymmetrically distributed but others appeared to be too small to achieve the nominal significance level and thus were not useful for defining chromosomal segments harboring QTLs for the application of marker-assisted selection (MAS).
|
| 650 |
|
4 |
|a Major animal breeding.
|
| 856 |
4 |
1 |
|u http://proxy.library.tamu.edu/login?url=http://proquest.umi.com/pqdweb?did=731685711&sid=1&Fmt=2&clientId=2945&RQT=309&VName=PQD
|t 0
|
| 948 |
|
|
|a cataloged
|b h
|c 2000/11/13
|d c
|e eneff
|f 3:46:24 pm
|
| 994 |
|
|
|a E0
|b TXA
|
| 999 |
|
|
|a MARS
|
| 999 |
f |
f |
|s 27cee270-9660-31e1-87f8-cc1cd268dcdb
|i 786cac51-29f8-30bb-9ed0-7aca7c654bb3
|t 0
|
| 952 |
f |
f |
|p noncirc
|a Texas A&M University
|b College Station
|c Cushing Memorial Library & Archives
|s cush tdrm
|d Cushing: Theses & Dissertations Microforms (Does not check out)
|t 0
|e 1999 Dissertation K565
|h Other scheme
|i unmediated -- volume
|
| 952 |
f |
f |
|a Texas A&M University
|b College Station
|c Electronic Resources
|s www_evans
|d Available Online
|t 0
|e 1999 Dissertation K565
|h Other scheme
|
| 998 |
f |
f |
|a 1999 Dissertation K565
|t 0
|l Available Online
|
| 998 |
f |
f |
|a 1999 Dissertation K565
|t 0
|l Cushing: Theses & Dissertations Microforms (Does not check out)
|